A serious address to those that profane the Lords-Day.

Bibliographic Details
Format: eBook
Language:English
Series:Eighteenth century collections online.
Online Access:Full text online

MARC

Tag First Indicator Second Indicator Subfields
LEADER 00000cam a2200000 4500
001 in00001908668
006 m | d |
007 cr |n||||||||n
008 860131s1705 enk|||| s 00| ||eng d
005 20260407221532.1
035 |a (CStRLIN)ESTCN22133 
040 |a Cu-RivES  |c Cu-RivES  |d CStRLIN  |d Thomson Gale  |d UtOrBLW 
245 0 2 |a A serious address to those that profane the Lords-Day. 
264 3 |a London :  |b printed for Thomas Parkhurst,  |c 1705. 
300 |a 2 unnumbered pages, 45, 1 unnumbered page ;  |c 12⁰. 
336 |a text  |b txt  |2 rdacontent 
337 |a computer  |b c  |2 rdamedia 
338 |a online resource  |b cr  |2 rdacarrier 
500 |a Reproduction of original from the William Andrews Clark Memorial Library (UCLA). 
510 4 |a English Short Title Catalog,  |c ESTCN22133. 
533 |a Electronic reproduction.  |b Farmington Hills, Mich. :  |c Thomson Gale,  |d 2003.  |n Available via the World Wide Web.  |n Access limited by licensing agreements  |7 s2003 miunns 
500 |a Electronic resource. 
830 0 |a Eighteenth century collections online. 
856 4 0 |u http://proxy.library.tamu.edu/login?url=https://galenet.galegroup.com/servlet/ECCO?c=1&stp=Author&ste=11&af=BN&ae=N022133&tiPG=1&dd=0&dc=flc&docNum=CW121696869&vrsn=1.0&srchtp=a&d4=0.33&n=10&SU=0LRF&locID=txshracd2898  |z Full text online  |t 0 
999 |a MARS 
999 f f |s fc4d9114-0a50-3535-92c3-a70924929077  |i 657437da-7c48-315e-bca3-9f8dd3ca7d4c  |t 0 
952 f f |a Texas A&M University  |b College Station  |c Electronic Resources  |s www_evans  |d Available Online  |t 0  |h No information provided 
998 f f |t 0  |l Available Online